Vplyv dlhovej krízy na polarizáciu bohatstva

Založenie na spotrebe a premietnutie sa spotreby do štruktúry spoločnosti. Narastajúca polarizácia príjmov v čase krízy a po kríze. Zvýšenie kontroly v spoločnosti (od sociálnych dávok, cez korupciu, daňové úniky, vnútropodnikovú kriminalitu až po uloženie úspor) je základnou cestou k riešeniu probl...

Descrizione completa

Salvato in:
Dettagli Bibliografici
Autore principale: Poláková, Zdenka
Natura: Capitolo di libro
Lingua:slovacco
Soggetti:
Tags: Aggiungi Tag
Nessun Tag, puoi essere il primo ad aggiungerne!!

MARC

LEADER 00000nla a2200000 4500
001 0197999
005 20240502073338.0
041 0 |a slo 
044 |a SK 
245 1 0 |a Vplyv dlhovej krízy na polarizáciu bohatstva  |c Zdenka Poláková 
520 |a Založenie na spotrebe a premietnutie sa spotreby do štruktúry spoločnosti. Narastajúca polarizácia príjmov v čase krízy a po kríze. Zvýšenie kontroly v spoločnosti (od sociálnych dávok, cez korupciu, daňové úniky, vnútropodnikovú kriminalitu až po uloženie úspor) je základnou cestou k riešeniu problému. 
610 2 0 |a spoločnosť 
610 2 0 |a kríza finančná 
610 2 0 |a recesia 
610 2 0 |a nerovnosť sociálna 
610 2 0 |a príjmy 
610 2 0 |a bohatí 
610 2 0 |a chudobní 
610 2 0 |a štruktúra sociálna 
100 1 |a Poláková, Zdenka